000 00414pab a2200157 454500
008 180718b1996 xxu||||| |||| 00| 0 eng d
100 _aMatheson, Alex
245 _aThe impact of contracts on public management in New Zealand
260 _c1996
300 _ap.2-8
362 _aMar
650 _aPublic contracts - New Zealand
650 _aPublic administration
773 _aPublic Sector
909 _a31145
999 _c31145
_d31145